Open Data Biblioteca Nacional de Portugal


República Portuguesa: Ministério da Cultura
Biblioteca Nacional de Portugal

Catálogo da BNP: acesso por Identificadores Unívocos
Registos Bibliográficos associados ao registo de autoridade

Etiqueta de registo: 00000nkm 2200025 450
001 2242434
003 http://id.bnportugal.gov.pt/bib/catbnp/2242434
100 ## $a20260107d1999 m y0pory01030103ba
101 0# $apor
102 ## $aPT
200 1# $aAtletismo, XI Grande Prémio de S. Pedro$bVisual gráfico]$fCâmara Municipal da Póvoa de Varzim$fCâmara Municipal da Póvoa de Varzim e Clube Desportivo da Póvoa
210 #9 $aPóvoa de Varzim$cCâmara Municipal da Póvoa de Varzim,$d1999$eVila do Conde :$gTip. Minerva )
215 ## $a1 cartaz$ccolor.$d32,5x47 cm
675 ## $a766(=1:469)"199"(084.5)$vBN$zpor$31975740
710 02 $aGrande Prémio de S. Pedro,$bAtletismo,$d11,$ePóvoa de Varzim,$f1999$31997277
712 01 $aPóvoa de Varzim.$bCâmara Municipal$4557$315645
712 02 $aClube Desportivo da Póvoa$4557$3141867
801 #0 $aPT$bBN$gRPC
966 ## $lBN$mICONOG$sCT. 9048 V.$x1
971 ## $cCaticonografia10$d20260107
995 ## $aPRR2026 $d20260107$iCaticonografia10

OpendataBNP@bnportugal.pt | Mais informação sobre acesso aos dados BNP